Dohody uzatvorené mimo pracovného pomeru

Uzatváranie dohôd o pracovnej činnosti a dohôd o vykonaní práce. Povinnosti zamestnancov na základe uzavretých dohôd. Povinnosti zamestnávateľov. Výhody uzatvárania dohôd mimo pracovného pomeru. Dohoda o vykonaní práce. Forma a obsah dohôd. Dohoda o pracovnej činnosti. Dohody mimopracovného pomeru a...

Full description

Saved in:
Bibliographic Details
Main Author: Jánoš, Daniel
Format: Book Chapter
Language:Slovak
Subjects:
Tags: Add Tag
No Tags, Be the first to tag this record!

MARC

LEADER 00000naa a2200000 4500
001 r034348
005 20230926080849.9
041 0 |a slo 
044 |a SK 
245 1 0 |a Dohody uzatvorené mimo pracovného pomeru  |c Daniel Jánoš 
520 |a Uzatváranie dohôd o pracovnej činnosti a dohôd o vykonaní práce. Povinnosti zamestnancov na základe uzavretých dohôd. Povinnosti zamestnávateľov. Výhody uzatvárania dohôd mimo pracovného pomeru. Dohoda o vykonaní práce. Forma a obsah dohôd. Dohoda o pracovnej činnosti. Dohody mimopracovného pomeru a platenie poistného. Dohody a daň z príjmov fyzických osôb. Vzory dohôd. Príklady z praxe. 
610 2 0 |a dohody o činnosti pracovnej 
610 2 0 |a dohody o prácach mimo pracovného pomeru 
610 2 0 |a dohody pracovné 
610 2 0 |a zákonník práce 
610 2 0 |a zamestnanci 
610 2 0 |a zamestnávatelia 
610 2 0 |a poistné 
610 2 0 |a poistenie zdravotné 
610 2 0 |a poistenie dôchodkové 
100 1 |a Jánoš, Daniel